[Event "Admiral Niels Juel Cup 2013"]
[Site "Koge"]
[Date "2013.04.21"]
[Round "3"]
[White "Shaikh, Mohammad Nubairshah"]
[Black "Kokholm, Daniel"]
[Result "1-0"]
[WhiteElo "2166"]
[BlackElo "1937"]
[PlyCount "107"]
[EventDate "2013.??.??"]
[EventCountry "DEN"]


1. c4 Nc6 2. Nc3 e5 3. Nf3 Nf6 4. g3 Bc5 5. Bg2 d6 6. O-O a6 7. d3 h6 8. a3 O-O
9. b4 Ba7 10. b5 axb5 11. cxb5 Ne7 12. a4 Bb6 13. d4 e4 14. Ne1 d5 15. Ba3 Re8
16. e3 Nf5 17. Qb3 Be6 18. Nc2 Nd6 19. Bxd6 Qxd6 20. f3 Ba5 21. fxe4 dxe4 22.
Qb2 Bc4 23. Rfd1 Bd3 24. Bf1 Bxc2 25. Qxc2 Bxc3 26. Qxc3 Nd5 27. Qb3 c6 28.
Rdc1 Qb4 29. Qxb4 Nxb4 30. bxc6 bxc6 31. a5 Rec8 32. Bc4 Kf8 33. Kf2 Ke7 34.
Ke2 f6 35. Kd2 Kd6 36. Ra4 Rcb8 37. Rb1 Nd5 38. Rxb8 Rxb8 39. Bxd5 cxd5 40. a6
Kc6 41. a7 Ra8 42. Kc3 Kb6 43. Kb4 Kc6 44. Ra6+ Kb7 45. Kb5 Rxa7 46. Rxa7+ Kxa7
47. Kc6 Kb8 48. Kxd5 Kc7 49. Kxe4 g6 50. Kd5 Kd7 51. e4 Ke7 52. Kc6 f5 53. exf5
gxf5 54. d5 1-0

[Event "Admiral Niels Juel Cup 2013"]
[Site "Koge"]
[Date "2013.04.21"]
[Round "3"]
[White "Nielsen, Michael(1983)"]
[Black "Grove, Michael"]
[Result "1-0"]
[WhiteElo "2176"]
[BlackElo "2015"]
[PlyCount "83"]
[EventDate "2013.??.??"]
[EventCountry "DEN"]


1. c4 Nf6 2. g3 e5 3. Bg2 Bc5 4. Nc3 d6 5. d3 O-O 6. Nf3 Nc6 7. O-O a6 8. Bg5
h6 9. Bh4 Nd4 10. Bxf6 Nxf3+ 11. Bxf3 Qxf6 12. e3 Bh3 13. Bg2 Bxg2 14. Kxg2 Ba7
15. Qg4 Qe6 16. Qxe6 fxe6 17. Rad1 Rf5 18. d4 exd4 19. exd4 Raf8 20. f4 g5 21.
fxg5 Rxf1 22. Rxf1 Rxf1 23. Kxf1 Bxd4 24. gxh6 Bxc3 25. bxc3 b5 26. cxb5 axb5
27. g4 c5 28. Ke2 d5 29. g5 Kh7 30. h4 e5 31. a3 d4 32. cxd4 exd4 33. Kd2 b4
34. axb4 cxb4 35. h5 Kg8 36. g6 Kf8 37. h7 Kg7 38. h6+ Kh8 39. Kc2 d3+ 40. Kxd3
b3 41. Kc3 b2 42. g7+ 1-0

[Event "Admiral Niels Juel Cup 2013"]
[Site "Koge"]
[Date "2013.04.21"]
[Round "3"]
[White "Schmidt, Horst Hubert"]
[Black "Andersen, Hans Erik"]
[Result "1-0"]
[WhiteElo "1841"]
[BlackElo "1719"]
[PlyCount "117"]
[EventDate "2013.??.??"]
[EventCountry "DEN"]


1. e4 e5 2. Nc3 Bc5 3. d3 Nc6 4. Be3 Nd4 5. Nge2 d6 6. Qd2 Ne6 7. d4 exd4 8.
Nxd4 Nxd4 9. Bxd4 Bxd4 10. Qxd4 Qf6 11. Qa4+ Bd7 12. Qb3 Bc6 13. Bb5 Qd8 14.
O-O Ne7 15. f4 Rb8 16. Rad1 Bxb5 17. Qxb5+ c6 18. Qg5 O-O 19. f5 f6 20. Qg3
Qb6+ 21. Kh1 Qxb2 22. Rxd6 Rbd8 23. Rfd1 Rxd6 24. Rxd6 Qxc2 25. h4 Qc1+ 26. Kh2
Qa3 27. Rd7 b5 28. h5 h6 29. Rd3 Qc5 30. Ne2 Qe5 31. Qxe5 fxe5 32. Rd7 Kf7 33.
Rxa7 Rd8 34. Ng1 Rd4 35. Nf3 Rxe4 36. g4 Kf6 37. Kg3 Re3 38. Kf2 Re4 39. Kg3
Rc4 40. Rd7 e4 41. Rd6+ Kf7 42. Ne5+ Ke8 43. Nxc4 bxc4 44. Rd4 c3 45. Rxe4 Kd7
46. Kf3 Nd5 47. Rc4 Kd6 48. a4 c5 49. a5 Kc6 50. a6 Nb4 51. a7 Kb7 52. a8=Q+
Kxa8 53. Rxc3 Na6 54. Ke4 Kb7 55. Kd5 Kc7 56. Ke6 Kc6 57. Kf7 Kd5 58. Kxg7 Kd4
59. Rc1 1-0

[Event "Admiral Niels Juel Cup 2013"]
[Site "Koge"]
[Date "2013.04.21"]
[Round "3"]
[White "Anghel, Mihai Ursta"]
[Black "Dupovac, Faruk"]
[Result "1-0"]
[WhiteElo "1643"]
[BlackElo "1377"]
[PlyCount "71"]
[EventDate "2013.??.??"]
[EventCountry "DEN"]


1. e4 b6 2. d4 Bb7 3. Nc3 e6 4. f3 Nf6 5. Bg5 h6 6. Bh4 Be7 7. Bg3 d6 8. Qd2
Nbd7 9. O-O-O c5 10. Nb5 cxd4 11. Qxd4 e5 12. Nxd6+ Bxd6 13. Qxd6 Qb8 14. Qxb8+
Rxb8 15. Bb5 a6 16. Bxd7+ Nxd7 17. Ne2 f6 18. Rd2 Nc5 19. Bf2 Rc8 20. Rhd1 O-O
21. Bxc5 Rxc5 22. Rd7 Bc6 23. Rc7 Bb5 24. Rxc5 Bxe2 25. Rd2 bxc5 26. Rxe2 Rd8
27. Rd2 Rd4 28. a3 a5 29. Rxd4 exd4 30. Kd2 Kf7 31. Kd3 Ke6 32. Kc4 Ke5 33. g3
g5 34. Kxc5 h5 35. b4 axb4 36. axb4 1-0

[Event "Admiral Niels Juel Cup 2013"]
[Site "Koge"]
[Date "2013.04.21"]
[Round "3"]
[White "Petersen, Henry"]
[Black "Karunanayake, Mayuri"]
[Result "0-1"]
[WhiteElo "1159"]
[BlackElo "1614"]
[PlyCount "100"]
[EventDate "2013.??.??"]
[EventCountry "DEN"]


1. e4 c5 2. Nf3 d6 3. d4 cxd4 4. Nxd4 Nf6 5. Nc3 g6 6. Be3 Bg7 7. Bd3 O-O 8.
Qd2 Ng4 9. h3 Nxe3 10. Qxe3 Nc6 11. Nde2 Bd7 12. O-O Nb4 13. Rfc1 Nxd3 14. cxd3
b6 15. Rc2 Rc8 16. Rac1 e6 17. Nd4 a6 18. a3 b5 19. Nce2 Qb6 20. Rxc8 Rxc8 21.
Rxc8+ Bxc8 22. b4 Bb7 23. Nc2 Qxe3 24. Nxe3 Bb2 25. Nc2 d5 26. f3 dxe4 27. dxe4
f5 28. exf5 exf5 29. Kf2 Kf7 30. Ke3 Bd5 31. Ned4 Kf6 32. Kd2 Ke5 33. Ne2 Bb3
34. Nc1 Bxc1+ 35. Kxc1 Bxc2 36. Kxc2 Kf4 37. Kd3 Kg3 38. Kd4 Kxg2 39. Kc5 Kxf3
40. Kb6 Kg3 41. Kxa6 f4 42. Kxb5 f3 43. a4 f2 44. a5 f1=Q+ 45. Kb6 Qc4 46. b5
Qe6+ 47. Kb7 Qd7+ 48. Kb6 Qd8+ 49. Kb7 Qxa5 50. b6 Kxh3 0-1

[Event "Admiral Niels Juel Cup 2013"]
[Site "Koge"]
[Date "2013.04.21"]
[Round "3"]
[White "Bjorn, Steen"]
[Black "Brondum, Jan Kraul"]
[Result "1/2-1/2"]
[WhiteElo "1608"]
[BlackElo "1585"]
[PlyCount "68"]
[EventDate "2013.??.??"]
[EventCountry "DEN"]


1. c4 c5 2. g3 Nc6 3. Bg2 Qc7 4. Nc3 e6 5. e3 a6 6. Nge2 Nf6 7. O-O Be7 8. d4
O-O 9. Nf4 d6 10. b3 Rd8 11. d5 Ne5 12. Bb2 Rb8 13. Qc2 Bd7 14. Ne4 exd5 15.
Nxf6+ Bxf6 16. Nxd5 Qc8 17. Nb6 Qc7 18. Nxd7 Rxd7 19. Rad1 Rbd8 20. Rd5 g6 21.
Rfd1 Kg7 22. Bh3 Re7 23. Bc3 b6 24. Bg2 Red7 25. Bb2 b5 26. h3 b4 27. Bxe5 dxe5
28. Qd2 Rxd5 29. Bxd5 Qd7 30. Kh2 Qc7 31. e4 a5 32. h4 Qd7 33. Kg2 a4 34. Qe2
a3 1/2-1/2

[Event "Admiral Niels Juel Cup 2013"]
[Site "Koge"]
[Date "2013.04.22"]
[Round "4"]
[White "Pavlovic, Milos"]
[Black "Sokolov, Ivan"]
[Result "0-1"]
[WhiteElo "2509"]
[BlackElo "2643"]
[PlyCount "88"]
[EventDate "2013.??.??"]
[EventCountry "DEN"]


1. e4 e5 2. Nf3 Nc6 3. Bc4 Nf6 4. d3 Bc5 5. O-O d6 6. c3 Bb6 7. Bb3 Ne7 8. Nbd2
c6 9. Nc4 Bc7 10. Bg5 Ng6 11. Nh4 Nf4 12. d4 O-O 13. Re1 Ne6 14. Bxf6 Qxf6 15.
Nf3 Nf4 16. Ne3 Re8 17. Bc2 Bb6 18. g3 Nh3+ 19. Kg2 g6 20. Re2 h5 21. Rd2 Kg7
22. a4 a5 23. Qe2 Bg4 24. Rad1 Bxf3+ 25. Qxf3 Qxf3+ 26. Kxf3 Ng5+ 27. Kg2 exd4
28. Nc4 Bc5 29. cxd4 Bb4 30. Rd3 Nxe4 31. d5 Bc5 32. Rf1 cxd5 33. Rxd5 Nf6 34.
Rdd1 d5 35. Nd2 Bd4 36. Nf3 Bxb2 37. Rb1 Ba3 38. Rxb7 Reb8 39. Rfb1 Bb4 40.
Rxb8 Rxb8 41. Bb3 Ne4 42. Rd1 Bc5 43. Bxd5 Nxf2 44. Rd2 Ng4 0-1

[Event "Admiral Niels Juel Cup 2013"]
[Site "Koge"]
[Date "2013.04.22"]
[Round "4"]
[White "Burmakin, Vladimir"]
[Black "Gleizerov, Evgeny"]
[Result "1/2-1/2"]
[WhiteElo "2580"]
[BlackElo "2546"]
[PlyCount "92"]
[EventDate "2013.??.??"]
[EventCountry "DEN"]


1. Nf3 d5 2. c4 d4 3. b4 g6 4. d3 Bg7 5. g3 e5 6. Bg2 Ne7 7. O-O O-O 8. Nbd2 a5
9. b5 c5 10. bxc6 Nexc6 11. Ne1 Na6 12. Nc2 Re8 13. Na3 Nc5 14. Nb5 Bf8 15. Nb3
Na6 16. a4 Bf5 17. Ba3 Bxa3 18. Rxa3 Qe7 19. Qc1 Red8 20. Ra2 Rac8 21. Qa3 Qxa3
22. Rxa3 b6 23. Rc1 Nc5 24. Nxc5 bxc5 25. Bxc6 Rxc6 26. f3 Bd7 27. Re1 Re8 28.
Rb3 f5 29. e3 dxe3 30. Rxe3 Kf8 31. Rb2 f4 32. gxf4 exf4 33. Rxe8+ Bxe8 34. h4
Bd7 35. Nc3 Rd6 36. Ne4 Rxd3 37. Nxc5 Rd1+ 38. Kf2 Bf5 39. Nb3 Rh1 40. Kg2 Rb1
41. Rxb1 Bxb1 42. Nxa5 Bc2 43. Nc6 Bxa4 44. Nd4 Ke7 45. Ne2 Kd6 46. Nxf4 Bb3
1/2-1/2

[Event "Admiral Niels Juel Cup 2013"]
[Site "Koge"]
[Date "2013.04.22"]
[Round "4"]
[White "Arjun, Bharat"]
[Black "Danin, Alexandre"]
[Result "0-1"]
[WhiteElo "2281"]
[BlackElo "2575"]
[PlyCount "122"]
[EventDate "2013.??.??"]
[EventCountry "DEN"]


1. d4 Nf6 2. c4 g6 3. Nc3 d5 4. cxd5 Nxd5 5. e4 Nxc3 6. bxc3 Bg7 7. Nf3 c5 8.
Be3 O-O 9. Rc1 Qa5 10. Qd2 Rd8 11. Be2 cxd4 12. cxd4 Qxd2+ 13. Kxd2 Nc6 14. Rc4
Bg4 15. d5 e6 16. Kc1 exd5 17. exd5 Ne5 18. Rc2 Bf5 19. Rc5 b6 20. Nxe5 Bxe5
21. Rc4 Rac8 22. Rxc8 Rxc8+ 23. Kd1 Be4 24. Bf3 Bxf3+ 25. gxf3 Rd8 26. Ke2 Rxd5
27. Rc1 Kg7 28. f4 Bf6 29. Kf3 Ra5 30. Rc2 Ra4 31. Bc1 Bd4 32. Rd2 Bf6 33. Rc2
Bd4 34. Rd2 Rc4 35. Rxd4 Rxc1 36. Rd7 Rc3+ 37. Kg2 Ra3 38. Rd2 b5 39. f3 b4 40.
Kg3 a5 41. h4 a4 42. Rd4 Rxa2 43. Rxb4 Ra1 44. Rb6 a3 45. Ra6 a2 46. Kg2 f5 47.
Kh2 Kf7 48. Kg2 Ke7 49. Kh2 Kd7 50. Kg2 Kc7 51. Kh2 Kb7 52. Ra3 Kb6 53. Kg2 Kb5
54. Ra8 Kb4 55. Rb8+ Kc3 56. Ra8 Rd1 57. Rxa2 Rd2+ 58. Rxd2 Kxd2 59. Kh2 Ke2
60. Kg2 h5 61. Kg3 Kf1 0-1

[Event "Admiral Niels Juel Cup 2013"]
[Site "Koge"]
[Date "2013.04.22"]
[Round "4"]
[White "Epishin, Vladimir"]
[Black "Roy Chowdhury, Saptarshi"]
[Result "1/2-1/2"]
[WhiteElo "2612"]
[BlackElo "2471"]
[PlyCount "99"]
[EventDate "2013.??.??"]
[EventCountry "DEN"]


1. d4 Nf6 2. Nf3 d5 3. c4 c6 4. Qb3 dxc4 5. Qxc4 Bf5 6. e3 e6 7. Nbd2 Be7 8.
Nh4 Bg6 9. Nxg6 hxg6 10. Nf3 Nbd7 11. Bd3 g5 12. Bd2 g4 13. Ng5 Nd5 14. Ne4 Qc7
15. g3 b5 16. Qb3 Qb7 17. Bf1 a5 18. a3 a4 19. Qc2 f5 20. Nc5 Bxc5 21. dxc5 Ne5
22. Be2 Qf7 23. O-O-O O-O-O 24. Bc3 Nxc3 25. Qxc3 Qc7 26. Rd6 Rxd6 27. cxd6
Qxd6 28. Bxb5 Rd8 29. Ba6+ Kb8 30. Kb1 Ka7 31. Be2 Qd5 32. Rc1 Qe4+ 33. Ka1 Rd5
34. h3 Kb6 35. hxg4 fxg4 36. Bc4 Nxc4 37. Qxc4 Re5 38. Qxe4 Rxe4 39. Rd1 c5 40.
Rd7 g5 41. Kb1 Kc6 42. Ra7 Kd5 43. Kc2 Rc4+ 44. Kd3 Rc1 45. e4+ Ke5 46. Rxa4
Rd1+ 47. Ke3 Re1+ 48. Kd3 Rd1+ 49. Ke3 Re1+ 50. Kd3 1/2-1/2

[Event "Admiral Niels Juel Cup 2013"]
[Site "Koge"]
[Date "2013.04.22"]
[Round "4"]
[White "Rozentalis, Eduardas"]
[Black "Prosviriakov, Vladimir"]
[Result "1-0"]
[WhiteElo "2631"]
[BlackElo "2304"]
[PlyCount "109"]
[EventDate "2013.??.??"]
[EventCountry "DEN"]


1. e4 e5 2. Nf3 Nc6 3. Bb5 Nd4 4. Ba4 Nxf3+ 5. Qxf3 g6 6. Bb3 Qe7 7. Nc3 c6 8.
h4 Nf6 9. d3 Bg7 10. g4 d6 11. Rg1 h5 12. gxh5 Nxh5 13. Bg5 Bf6 14. Ne2 Be6 15.
Qe3 Bxg5 16. hxg5 Bxb3 17. axb3 a6 18. O-O-O O-O-O 19. d4 Rhe8 20. d5 c5 21. b4
cxb4 22. Qb6 Kb8 23. Qxb4 Rc8 24. b3 Rc5 25. Kb2 Nf4 26. Nxf4 exf4 27. f3 Rec8
28. c4 Rh8 29. Qd2 Qe5+ 30. Qd4 Rh2+ 31. Kc3 Qe7 32. Rh1 Re2 33. Rde1 Rxe1 34.
Rxe1 Qxg5 35. e5 Qg3 36. Rf1 Qh3 37. Rf2 Qd7 38. Qxf4 dxe5 39. Qxe5+ Ka8 40.
Rh2 Rc8 41. Rh8 Rxh8 42. Qxh8+ Ka7 43. Qd4+ b6 44. d6 a5 45. Qd5 Kb8 46. Kd4 g5
47. Ke5 g4 48. fxg4 Qxg4 49. Qxf7 Qe2+ 50. Kf6 Qb2+ 51. Ke7 Qe5+ 52. Kd7 Qc5
53. Qg8+ Ka7 54. Qd5 Qf2 55. Kc7 1-0

[Event "Admiral Niels Juel Cup 2013"]
[Site "Koge"]
[Date "2013.04.22"]
[Round "4"]
[White "Sharma, Dinesh K"]
[Black "Solodovnichenko, Yuri"]
[Result "1/2-1/2"]
[WhiteElo "2371"]
[BlackElo "2543"]
[PlyCount "155"]
[EventDate "2013.??.??"]
[EventCountry "DEN"]


1. e4 c5 2. Nf3 d6 3. d4 cxd4 4. Nxd4 Nf6 5. Nc3 a6 6. Be3 e6 7. Be2 Qc7 8. O-O
b5 9. a3 Bb7 10. Bd3 Nbd7 11. f4 Be7 12. Qf3 Rc8 13. Kh1 Qb8 14. Rae1 O-O 15.
Qh3 Nc5 16. Bf2 Rfe8 17. Nf3 h6 18. Bd4 Nfd7 19. Qg3 Bf8 20. f5 e5 21. Be3 Kh7
22. Qh4 Be7 23. Qh5 Rf8 24. Bg5 Nf6 25. Qh3 Rc7 26. Re3 Qd8 27. Bxh6 Rh8 28.
Bg5+ Kg8 29. Qg3 Nh5 30. Qg4 Bxg5 31. Nxg5 Nf6 32. Qe2 Kf8 33. Rh3 Ke7 34. Rd1
Rxh3 35. Nxh3 Qh8 36. Kg1 Qh4 37. Nf2 Rc8 38. Qd2 Rh8 39. h3 Rd8 40. Qe3 Nh5
41. Be2 Nf6 42. g3 Qh7 43. Bf3 g6 44. b4 Ncd7 45. g4 Qh4 46. Bg2 Nh7 47. Qa7
Rb8 48. Rd3 Qg5 49. Rd1 Nhf6 50. Ne2 gxf5 51. exf5 Bxg2 52. Kxg2 d5 53. Ng1 Rc8
54. Nf3 Qf4 55. Re1 Rxc2 56. Nxe5 Kf8 57. Nxd7+ Nxd7 58. Qe3 Qxe3 59. Rxe3 Ra2
60. Kg3 f6 61. Rd3 Ne5 62. Rxd5 Rxa3+ 63. Kg2 Nc4 64. Rd3 Ra4 65. Ne4 Ke7 66.
Rb3 a5 67. bxa5 Rxa5 68. Nc3 Ra3 69. Rxa3 Nxa3 70. h4 Kf7 71. Nd5 Nc2 72. Kg3
b4 73. g5 b3 74. Nc3 b2 75. Nb1 Ne3 76. Kf4 Ng2+ 77. Kg3 Ne3 78. Kf4 1/2-1/2

[Event "Admiral Niels Juel Cup 2013"]
[Site "Koge"]
[Date "2013.04.22"]
[Round "4"]
[White "Rosenkilde, Alexander"]
[Black "Ulibin, Mikhail"]
[Result "1/2-1/2"]
[WhiteElo "2247"]
[BlackElo "2521"]
[PlyCount "113"]
[EventDate "2013.??.??"]
[EventCountry "DEN"]


1. d4 e6 2. c4 f5 3. g3 Nf6 4. Bg2 c6 5. Nf3 d5 6. O-O Bd6 7. Qc2 O-O 8. Nc3
Ne4 9. Rb1 b6 10. b4 Bb7 11. c5 Bc7 12. b5 Nxc3 13. Qxc3 cxb5 14. Rxb5 Qd7 15.
Rb2 Nc6 16. Bf4 Na5 17. cxb6 Bxb6 18. Ne5 Qe7 19. Rfb1 Rfc8 20. Qd3 Nc4 21.
Nxc4 Rxc4 22. Be5 Rac8 23. Qd2 Ba6 24. Bf3 Ra4 25. g4 Rf8 26. Qf4 fxg4 27. Qxg4
Rf5 28. Qh3 Rxe5 29. dxe5 Rh4 30. Qg3 Bc4 31. a4 Rh6 32. Kf1 Rg6 33. Qf4 Qg5
34. Qxg5 Rxg5 35. Rxb6 axb6 36. Rxb6 Rxe5 37. a5 d4 38. a6 Ra5 39. Rb8+ Kf7 40.
Rb7+ Kf6 41. a7 Bd5 42. Bxd5 exd5 43. Kg2 Ra3 44. f3 h6 45. Kg3 Ra4 46. h4 g6
47. Rd7 Ke6 48. Rh7 h5 49. Rb7 Kf6 50. Rb6+ Kf7 51. Rd6 Rxa7 52. Rxd5 Ra2 53.
Kf2 Ra4 54. Rd6 Rb4 55. Kg3 Rb2 56. Kf2 Rb4 57. Kg3 1/2-1/2

[Event "Admiral Niels Juel Cup 2013"]
[Site "Koge"]
[Date "2013.04.22"]
[Round "4"]
[White "Satyapragyan, Swayangsu"]
[Black "Rishubh Naresh, Naik"]
[Result "1/2-1/2"]
[WhiteElo "2463"]
[BlackElo "1942"]
[PlyCount "93"]
[EventDate "2013.??.??"]
[EventCountry "DEN"]


1. e4 e6 2. d4 d5 3. Nd2 dxe4 4. Nxe4 Nd7 5. Bd3 Ngf6 6. Qe2 Nxe4 7. Bxe4 c6 8.
Nf3 Nf6 9. Bd3 h6 10. Be3 Qa5+ 11. Bd2 Qc7 12. O-O Bd6 13. c4 O-O 14. Bc3 Qe7
15. a3 b6 16. Rfe1 Bb7 17. Rad1 Rfe8 18. Ne5 Rad8 19. Bc2 c5 20. dxc5 Bxc5 21.
Ng4 Nxg4 22. Qxg4 Qg5 23. Qxg5 hxg5 24. h3 Be7 25. Bd4 Rc8 26. b3 Red8 27. Bb2
Rxd1 28. Rxd1 Rd8 29. Rxd8+ Bxd8 30. f3 Bc7 31. Kf2 f6 32. Be4 Ba6 33. Bc3 Kf7
34. Bb4 Bc8 35. Bc6 a5 36. Bc3 Bd6 37. Bd4 Bc5 38. Ke3 Ke7 39. Kd3 Kd6 40.
Bxc5+ bxc5 41. Ba8 Kc7 42. Kc3 f5 43. g3 Kb8 44. Bc6 Kc7 45. Ba8 Kb8 46. Bc6
Kc7 47. Ba8 1/2-1/2

[Event "Admiral Niels Juel Cup 2013"]
[Site "Koge"]
[Date "2013.04.22"]
[Round "4"]
[White "Narciso Dublan, Marc"]
[Black "Pedersen, Hans Dahl"]
[Result "1-0"]
[WhiteElo "2551"]
[BlackElo "2174"]
[PlyCount "119"]
[EventDate "2013.??.??"]
[EventCountry "DEN"]


1. d4 d5 2. c4 c6 3. Nf3 Nf6 4. e3 Nbd7 5. Nbd2 e6 6. Bd3 Bd6 7. e4 dxe4 8.
Nxe4 Nxe4 9. Bxe4 c5 10. O-O Qc7 11. b3 Nf6 12. Bc2 cxd4 13. Qxd4 O-O 14. Qh4
Be7 15. Bf4 Qc5 16. Be5 h6 17. Rad1 Re8 18. Bd4 Qc7 19. Ne5 Bd7 20. Nxd7 Nxd7
21. Qg3 Qxg3 22. hxg3 Nf6 23. Rd3 b6 24. Rfd1 Red8 25. Kf1 Rac8 26. Ke2 Kf8 27.
Bb2 Rxd3 28. Bxd3 Bc5 29. Bc3 a5 30. f4 Rd8 31. Kf3 Ke7 32. g4 Ne8 33. Be1 Nc7
34. Bh4+ f6 35. g5 hxg5 36. fxg5 Na6 37. gxf6+ gxf6 38. Ke2 Nb4 39. Bb1 Rxd1
40. Kxd1 Nc6 41. Be4 Ne5 42. Ke2 Nf7 43. Kd3 Ne5+ 44. Kc3 Ng4 45. Bf3 Ne5 46.
Be2 Nc6 47. Kb2 a4 48. bxa4 Nd4 49. Bd3 Nf5 50. Bxf5 exf5 51. Be1 Ke6 52. a5
bxa5 53. Bxa5 f4 54. a4 Kf5 55. Bc7 Kg4 56. a5 Kg3 57. a6 f5 58. Kb3 Kxg2 59.
Bxf4 Kf3 60. Bb8 1-0

[Event "Admiral Niels Juel Cup 2013"]
[Site "Koge"]
[Date "2013.04.22"]
[Round "4"]
[White "Aage, Bjarke Gadgaard"]
[Black "Strange, Mikkel"]
[Result "0-1"]
[WhiteElo "2067"]
[BlackElo "2335"]
[PlyCount "36"]
[EventDate "2013.??.??"]
[EventCountry "DEN"]


1. d4 e6 2. c4 d5 3. Nc3 c5 4. Nf3 cxd4 5. Nxd4 Nf6 6. Bg5 e5 7. Nf3 d4 8. Nd5
Nc6 9. e4 Be6 10. Qa4 h6 11. Bxf6 gxf6 12. b4 a5 13. b5 Bxd5 14. cxd5 Bb4+ 15.
Nd2 Ne7 16. Bd3 f5 17. f3 Nc8 18. Ke2 Qg5 0-1

[Event "Admiral Niels Juel Cup 2013"]
[Site "Koge"]
[Date "2013.04.22"]
[Round "4"]
[White "Dambrauskas, Virginijus"]
[Black "Nielsen, Michael(1983)"]
[Result "1-0"]
[WhiteElo "2315"]
[BlackElo "2176"]
[PlyCount "107"]
[EventDate "2013.??.??"]
[EventCountry "DEN"]


1. d4 Nf6 2. Nf3 g6 3. c4 Bg7 4. Nc3 d5 5. e3 c5 6. dxc5 Qa5 7. cxd5 Nxd5 8.
Qxd5 Bxc3+ 9. Bd2 Bxd2+ 10. Qxd2 Qxd2+ 11. Nxd2 O-O 12. Be2 Rd8 13. Nb3 Nc6 14.
O-O Be6 15. Rfd1 Nb4 16. Bf3 Rxd1+ 17. Rxd1 Rc8 18. Bxb7 Bxb3 19. axb3 Rxc5 20.
Be4 f5 21. Bb1 e5 22. f3 Kf7 23. Kf2 Ke6 24. Ke2 a5 25. h4 h5 26. g3 Ke7 27.
Rh1 Kf6 28. Rg1 Kf7 29. Rf1 Ke6 30. Rg1 Kf7 31. Bd3 Nxd3 32. Kxd3 Rd5+ 33. Kc4
Ke6 34. Rg2 e4 35. fxe4 fxe4 36. g4 Rd3 37. gxh5 gxh5 38. Rg3 Rd2 39. Rg6+ Ke7
40. Rg5 Rxb2 41. Rxa5 Kf6 42. Rxh5 Re2 43. Kd4 Rb2 44. Rb5 Rh2 45. h5 Rh4 46.
b4 Ke7 47. Rc5 Kd6 48. b5 Rh1 49. Rg5 Rh4 50. Rg6+ Kc7 51. h6 Kb7 52. b6 Ka6
53. Ke5 Kb7 54. Kf6 1-0

[Event "Admiral Niels Juel Cup 2013"]
[Site "Koge"]
[Date "2013.04.22"]
[Round "4"]
[White "Vovk, Oksana"]
[Black "Stojanovski, Sandi"]
[Result "1/2-1/2"]
[WhiteElo "2133"]
[BlackElo "2260"]
[PlyCount "110"]
[EventDate "2013.??.??"]
[EventCountry "DEN"]


1. d4 Nf6 2. Nf3 e6 3. c4 d5 4. Nc3 Bb4 5. e3 O-O 6. Qb3 Nc6 7. Bd2 dxc4 8.
Qxc4 a6 9. a3 Bd6 10. Be2 e5 11. d5 Ne7 12. e4 Ng6 13. O-O Nh5 14. g3 h6 15. b4
Bh3 16. Rfc1 Qd7 17. Ne1 Nf6 18. a4 Ng4 19. f3 Nf6 20. Nd3 Qe7 21. Rab1 Nh7 22.
a5 b6 23. Be3 Rfb8 24. axb6 cxb6 25. Qb3 Bd7 26. Na4 Qd8 27. Rc2 Ne7 28. Rbc1
Nf8 29. Nab2 Qe8 30. Rc3 Nc8 31. Nc4 Bb5 32. Nxd6 Nxd6 33. Rc7 Nd7 34. Kf2 Rc8
35. Nb2 Rxc7 36. Rxc7 Rc8 37. Qc2 Bxe2 38. Rxc8 Qxc8 39. Qxc8+ Nxc8 40. Kxe2
Kf8 41. Nc4 Ke7 42. f4 f6 43. Kd3 Kd8 44. Bc1 Kc7 45. Bb2 Nd6 46. Ne3 a5 47.
fxe5 fxe5 48. Ng4 axb4 49. Bxe5 Nc5+ 50. Kc2 Ncxe4 51. Bxg7 h5 52. Ne3 Nc5 53.
h4 Kd7 54. g4 hxg4 55. h5 b3+ 1/2-1/2

[Event "Admiral Niels Juel Cup 2013"]
[Site "Koge"]
[Date "2013.04.22"]
[Round "4"]
[White "Karunanayake, Mayuri"]
[Black "Eriksson, Christian Altenburg"]
[Result "0-1"]
[WhiteElo "1614"]
[BlackElo "2173"]
[PlyCount "200"]
[EventDate "2013.??.??"]
[EventCountry "DEN"]


1. e4 c5 2. Nf3 Nc6 3. Bb5 Nf6 4. Nc3 g6 5. d4 cxd4 6. Nxd4 Bg7 7. Be3 O-O 8.
O-O Ng4 9. Qxg4 Nxd4 10. Bd3 Nc6 11. Qd1 d6 12. h3 Ne5 13. Be2 Be6 14. Nd5 Rc8
15. Bd4 a6 16. b3 f6 17. Qd2 Nd7 18. c4 Nc5 19. f3 a5 20. Rac1 b6 21. Rfd1 Rb8
22. Nc3 Bd7 23. Be3 Bc6 24. Bh6 Rf7 25. Bxg7 Kxg7 26. Qd4 Ne6 27. Qd2 g5 28.
Nd5 Nc5 29. Nc3 Ne6 30. Nd5 Bxd5 31. Qxd5 Nf4 32. Qd2 Qc7 33. Kf1 Qc5 34. Qd4
Rc8 35. Qxc5 bxc5 36. Ra1 Rb8 37. Rdb1 e5 38. Rd1 Rb6 39. Rd2 Ne6 40. Bd1 Nd4
41. Bc2 Rfb7 42. Rad1 Kf7 43. Kf2 Ke7 44. Kg3 Rb4 45. Kf2 Kd7 46. Kg3 Ke7 47.
Kf2 a4 48. bxa4 Rxc4 49. Bb3 Rcb4 50. Bd5 Ra7 51. Bb3 c4 52. Bc2 c3 53. Re2
Nxe2 54. Kxe2 Rb2 55. Kd3 Rc7 56. Ra1 Rb4 57. Ke3 Rc5 58. Rc1 Rb2 59. g4 Rxa2
60. Kd3 Rb2 61. Ra1 Rb4 62. a5 Rd4+ 63. Ke3 Rc7 64. a6 Ra7 65. Ra3 Kd7 66. Bd3
c2 67. Bxc2 Rc4 68. Bd3 Rc5 69. Rb3 Kc7 70. Kd2 Rc6 71. Rb2 Rb6 72. Rc2+ Kb8
73. Ra2 Rc7 74. Bc2 Ka7 75. Bd3 Rb8 76. Be2 Rc6 77. Ke1 Rb1+ 78. Kf2 h6 79. Kg2
Rbc1 80. Rb2 Rc7 81. Ra2 R1c2 82. Rxc2 Rxc2 83. Kf2 Kb6 84. Ke3 Ra2 85. Kf2 Ra3
86. Ke1 Kc5 87. Kf2 Kd4 88. Bf1 d5 89. exd5 Kxd5 90. Be2 e4 91. fxe4+ Kxe4 92.
Bf1 f5 93. gxf5 Kxf5 94. Kg2 Kf4 95. Kf2 Ra2+ 96. Be2 h5 97. Kf1 g4 98. hxg4
hxg4 99. Bb5 Kg3 100. Bd3 Kh2 0-1

[Event "Admiral Niels Juel Cup 2013"]
[Site "Koge"]
[Date "2013.04.22"]
[Round "4"]
[White "Bruun, Henrik Emil"]
[Black "Schmidt, Horst Hubert"]
[Result "1-0"]
[WhiteElo "2085"]
[BlackElo "1841"]
[PlyCount "72"]
[EventDate "2013.??.??"]
[EventCountry "DEN"]


1. e4 d6 2. d4 Nf6 3. Nc3 e6 4. Nf3 Be7 5. Bd3 Nc6 6. h3 h6 7. Be3 Bd7 8. Qd2
a6 9. O-O-O Nb4 10. Kb1 Nxd3 11. cxd3 b5 12. g4 Bc6 13. Qc2 Qd7 14. Rc1 b4 15.
Ne2 Bb5 16. Ng3 c5 17. dxc5 dxc5 18. Ne5 Qb7 19. Nc4 a5 20. f4 a4 21. Qe2 Rd8
22. g5 hxg5 23. fxg5 Nd7 24. g6 f6 25. Nh5 Kf8 26. Nf4 Qa6 27. Qg4 Bxc4 28.
dxc4 f5 29. exf5 Ne5 30. Qe2 exf5 31. Bxc5 Bxc5 32. Qxe5 Qd6 33. Qxf5+ Qf6 34.
Qxc5+ Kg8 35. Rcd1 Rh4 36. Rxd8+ Qxd8 1-0

[Event "Admiral Niels Juel Cup 2013"]
[Site "Koge"]
[Date "2013.04.22"]
[Round "4"]
[White "Kokholm, Daniel"]
[Black "Anghel, Mihai Ursta"]
[Result "1-0"]
[WhiteElo "1937"]
[BlackElo "1643"]
[PlyCount "53"]
[EventDate "2013.??.??"]
[EventCountry "DEN"]


1. e4 c5 2. Nc3 g6 3. f4 Bg7 4. Nf3 a6 5. a4 e6 6. Bc4 Ne7 7. Qe2 O-O 8. d3 d5
9. Bb3 Nbc6 10. O-O Qb6 11. Kh1 dxe4 12. dxe4 Nd4 13. Nxd4 cxd4 14. Nd1 Bd7 15.
Nf2 Qc7 16. a5 Bb5 17. Nd3 Nc6 18. Bd2 Rac8 19. Qe1 Ne7 20. Qh4 Bc6 21. Rae1
Rfe8 22. Rf3 h5 23. Rh3 e5 24. f5 gxf5 25. Qxh5 Ng6 26. Qxg6 Bxe4 27. Rg3 1-0

[Event "Admiral Niels Juel Cup 2013"]
[Site "Koge"]
[Date "2013.04.22"]
[Round "4"]
[White "Grove, Michael"]
[Black "Bjorn, Steen"]
[Result "1-0"]
[WhiteElo "2015"]
[BlackElo "1608"]
[PlyCount "39"]
[EventDate "2013.??.??"]
[EventCountry "DEN"]


1. e4 c5 2. Nc3 Nc6 3. Bb5 d6 4. Nf3 Nf6 5. O-O Bd7 6. Re1 e5 7. d3 a6 8. Bc4
Na5 9. Bg5 Nxc4 10. dxc4 Be6 11. Qd3 Be7 12. Rad1 Qc7 13. Bxf6 gxf6 14. Nh4 Rd8
15. Nd5 Bxd5 16. Qxd5 Qc6 17. Nf5 Qxd5 18. Rxd5 Rg8 19. Red1 h5 20. f3 1-0

[Event "Admiral Niels Juel Cup 2013"]
[Site "Koge"]
[Date "2013.04.22"]
[Round "4"]
[White "Brondum, Jan Kraul"]
[Black "Andersen, Hans Erik"]
[Result "1/2-1/2"]
[WhiteElo "1585"]
[BlackElo "1719"]
[PlyCount "96"]
[EventDate "2013.??.??"]
[EventCountry "DEN"]


1. e4 e5 2. Nf3 Nc6 3. Bb5 d6 4. c3 Bd7 5. d4 a6 6. Ba4 Nf6 7. Bg5 Be7 8. Nbd2
b5 9. Bb3 Na5 10. Bc2 h6 11. Bh4 Bc6 12. dxe5 dxe5 13. Nxe5 Bb7 14. Qe2 O-O 15.
Rd1 Qc8 16. O-O Qe6 17. f4 Rad8 18. b3 Nc6 19. Ndf3 Bc5+ 20. Bf2 Rxd1 21. Rxd1
Bxf2+ 22. Qxf2 Nxe5 23. Nxe5 Bxe4 24. Bxe4 Nxe4 25. Qd4 f5 26. c4 c5 27. Qd3 b4
28. Re1 Nc3 29. Qd2 Qc8 30. Ng6 Qd8 31. Qxd8 Rxd8 32. Ne7+ Kf7 33. Nxf5 Kf6 34.
Ng3 Rd4 35. h3 Kf7 36. Re5 Rxf4 37. Rxc5 Rd4 38. Ra5 Rd1+ 39. Kf2 Rd2+ 40. Kf3
Rxa2 41. Rxa2 Nxa2 42. Ne2 Ke6 43. Ke4 a5 44. Kd3 Ke5 45. g4 g5 46. Ng3 Kf4 47.
Ne2+ Ke5 48. Ng3 Kf4 1/2-1/2